La Araucana
Guardat en:
| Autor principal: | |
|---|---|
| Format: | Llibre |
| Idioma: | espanyol |
| Publicat: |
Madrid
Castalia
1979
|
| Col·lecció: | Clásicos Castalia, 91-92
|
| Matèries: | |
| Etiquetes: |
Afegir etiqueta
Sense etiquetes, Sigues el primer a etiquetar aquest registre!
|
MARC
| LEADER | 00000nam a2200000 a 4500 | ||
|---|---|---|---|
| 001 | UCX6736 | ||
| 003 | CL-VaPUC | ||
| 008 | 930810e19790000SP |||||||||||||||||spa|d | ||
| 082 | 0 | 4 | |a 861 |b ERC |2 21 |
| 100 | |a Ercilla y Zúñiga, Alonso de |e autor |9 267605 | ||
| 245 | 1 | 3 | |a La Araucana |
| 300 | |a 2 v | ||
| 942 | |c BK | ||
| 945 | |d 19930810 00:00:00 |a rbrito | ||
| 260 | |a Madrid |b Castalia |c 1979 | ||
| 600 | 0 | |a Ercilla y Zúñiga, Alonso de |e autor |9 267605 | |
| 650 | 0 | |a Poesía épica española |9 268761 | |
| 650 | 0 | |a Crítica e interpretación |9 255042 | |
| 583 | |a last modification |c 19930810 00:00:00 |k Rodrigo Vera | ||
| 490 | 0 | |a Clásicos Castalia, 91-92 | |
| 999 | |c 226714 |d 226712 | ||
| 952 | |0 0 |1 0 |4 0 |6 861_000000000000000_ERC_1979 |7 0 |8 A |9 225266 |a BIBEDU |b BIBEDU |d 2019-11-15 |h v.1 |i 2939711 |o 861 ERC 1979 |p 2939711 |r 2019-11-15 |w 2019-11-15 |y BK |k LIT | ||
| 952 | |0 0 |1 0 |4 0 |6 861_000000000000000_ERC_1979 |7 0 |8 A |9 225267 |a BIBEDU |b BIBEDU |d 2019-11-15 |h v.2 |i 2939746 |o 861 ERC 1979 |p 2939746 |r 2019-11-15 |w 2019-11-15 |y BK |k LIT | ||